El gallo de oro : (Registro nro. 62581)
[ vista simple ]
| 000 -LEADER | |
|---|---|
| fixed length control field | 01270cam a2200337 i 4500 |
| 001 - CONTROL NUMBER | |
| control field | 62581 |
| 003 - CONTROL NUMBER IDENTIFIER | |
| control field | Mx-PuUPA |
| 005 - DATE AND TIME OF LATEST TRANSACTION | |
| control field | 20191008160410.0 |
| 008 - FIXED-LENGTH DATA ELEMENTS--GENERAL INFORMATION | |
| fixed length control field | 150518s2016 mx gr 001 0 spa d |
| 020 ## - INTERNATIONAL STANDARD BOOK NUMBER | |
| International Standard Book Number | 9786078295371 |
| 040 ## - CATALOGING SOURCE | |
| Original cataloging agency | Mx-PuUPA |
| Language of cataloging | spa |
| Transcribing agency | Mx-PuUPA |
| Modifying agency | Mx-PuUPA |
| Description conventions | rda |
| 041 0# - LANGUAGE CODE | |
| Language code of text/sound track or separate title | spa |
| 245 13 - TITLE STATEMENT | |
| Title | El gallo de oro : |
| Remainder of title | y otros relatos / |
| Statement of responsibility, etc. | Juan Rulfo ; textos, José Carlos González Boixo y Douglas Watherford |
| 264 #1 - PRODUCTION, PUBLICATION, DISTRIBUTION, MANUFACTURE, AND COPYRIGHT NOTICE | |
| Place of production, publication, distribution, manufacture | Ciudad de México : |
| Name of producer, publisher, distributor, manufacturer | Editorial RM & Fundación Juan Rulfo ; |
| Date of production, publication, distribution, manufacture, or copyright notice | 2016 |
| 300 ## - PHYSICAL DESCRIPTION | |
| Extent | 203 páginas ; |
| Dimensions | 21 cm. |
| 336 ## - CONTENT TYPE | |
| Content type term | texto |
| Fuente | rdacontent |
| Content type code | txt |
| 337 ## - MEDIA TYPE | |
| Media type term | sin medio |
| Source | rdamedia |
| Media type code | n |
| 338 ## - CARRIER TYPE | |
| Carrier type term | volumen |
| Source | rdacarrier |
| Carrier type code | nc |
| 600 1# - SUBJECT ADDED ENTRY--PERSONAL NAME | |
| Personal name | Rulfo, Juan, |
| General subdivision | Crítica e interpretación |
| 650 #4 - SUBJECT ADDED ENTRY--TOPICAL TERM | |
| Topical term or geographic name entry element | Literatura mexicana |
| 700 1# - ADDED ENTRY--PERSONAL NAME | |
| Personal name | Rulfo, Juan, |
| Relator term | autor |
| 700 1# - ADDED ENTRY--PERSONAL NAME | |
| Personal name | González Boixo, José Carlos, |
| Relator term | colaborador |
| 700 1# - ADDED ENTRY--PERSONAL NAME | |
| Personal name | Watherford, Douglas, |
| Relator term | colaborador |
| 700 1# - ADDED ENTRY--PERSONAL NAME | |
| Relationship information | Contiene (obra): |
| Personal name | Rulfo, Juan, |
| Date of a work | 1959 |
| Title of a work | Sinopsis y el gallo de oro |
| 700 1# - ADDED ENTRY--PERSONAL NAME | |
| Relationship information | Contiene (obra): |
| Personal name | Rulfo, Juan, |
| Dates associated with a name | 1964. |
| Title of a work | La fórmula secreta |
| 700 1# - ADDED ENTRY--PERSONAL NAME | |
| Relationship information | Contiene (obra): |
| Personal name | Rulfo, Juan, |
| 942 ## - ADDED ENTRY ELEMENTS (KOHA) | |
| Source of classification or shelving scheme | Dewey Decimal Classification |
| Koha item type | Libro |
| Classification part | 863 |
| Item part | G146 |
| Withdrawn status | Lost status | Source of classification or shelving scheme | Damaged status | Not for loan | Collection code | Home library | Current library | Shelving location | Date acquired | Source of acquisition | Total Checkouts | Full call number | Barcode | Checked out | Date last seen | Date last checked out | Price effective from | Koha item type |
|---|---|---|---|---|---|---|---|---|---|---|---|---|---|---|---|---|---|---|
| Dewey Decimal Classification | General | Biblioteca Karol Wojtyla | Biblioteca Karol Wojtyla | Sala general | 18/05/2015 | Compra | 4 | 863 G146 2016 | 92658 | 27/04/2020 | 18/03/2020 | 18/03/2020 | 18/05/2015 | Libro |